Les raisons de la foi

Guardado en:
Detalles Bibliográficos
Autor principal: Desgranges, Jean (Autor)
Formato: Libro
Lenguaje:francés
Publicado: Limoges De Gigord 1922
Colección:Ving de Coférence Contradictoires, 1
Materias:
Etiquetas: Agregar Etiqueta
Sin Etiquetas, Sea el primero en etiquetar este registro!

MARC

LEADER 00000nam a2200000 a 4500
001 UCI0740
003 CL-VaPUC
008 070525e19220000fr |||||||||||||||||fre|d
082 0 4 |a 234.2  |b DES  |2 21 
100 0 |a Desgranges, Jean  |e author  |9 520929 
245 1 4 |a Les raisons de la foi 
300 |a 198 p 
942 |c BK 
945 |d 20070525 00:00:00  |a jtorresc 
260 |a Limoges  |b De Gigord  |c 1922 
650 0 |a Cristianismo  |9 257361 
650 0 |a Espiritualidad   |9 267331 
650 0 |a Creencias religiosas   |9 373391 
650 0 |a Religión   |9 255164 
583 |a last modification  |c 20140404 07:07:10  |k Rodrigo Vera 
490 0 |a Ving de Coférence Contradictoires, 1 
999 |c 325786  |d 325784 
952 |0 0  |1 0  |4 0  |6 234_200000000000000_DES_1922  |7 0  |8 P  |9 407118  |a BIBEDU  |b BIBEDU  |c BIBEDU_PB  |d 2019-11-22  |i 421336K  |o 234.2 DES 1922  |p 421336K  |r 2024-01-25  |w 2019-11-22  |y BK  |k LIT